Marina technology : Proceeding of the second international conference, held in Southampton, UK, 31 March-2 April 1992
| Other Authors: | |
|---|---|
| Format: | Book |
| Published: |
Boston :
Computational Mechanics Publications ,
1992
|
| Subjects: |
MARC
| LEADER | 00000cam a2200000 7i4500 | ||
|---|---|---|---|
| 001 | 0000003578 | ||
| 002 | 000003851 | ||
| 005 | 20000330.0 | ||
| 020 | |a 0727716891 | ||
| 090 | 0 | 0 | |a 387.15 |b MAR |
| 245 | 0 | 0 | |a Marina technology : |b Proceeding of the second international conference, held in Southampton, UK, 31 March-2 April 1992 |c editor, W.R. Blain |
| 260 | |a Boston : |b Computational Mechanics Publications , |c 1992 | ||
| 300 | |a 632p. ; |c 24cm. | ||
| 650 | 0 | 0 | |a Marinas |x Location |
| 700 | 1 | |a Blain, W.R | |
| 999 | |a 037093 |b BUKU |c PINJAMAN |e PERPUSTAKAAN KOMUNITI PETALING JAYA | ||